[Event "Montigny le Bretonneux op 1st"]
[Site "Montigny le Bretonneux"]
[Date "2002.10.28"]
[Round "4"]
[White "Giroux, Jean Francois"]
[Black "Gidel, Jean Louis"]
[Result "1-0"]
[WhiteElo "2217"]
[BlackElo "2121"]
[PlyCount "70"]
[EventDate "2002.10.25"]
[EventType "swiss"]
[EventRounds "9"]
[EventCountry "FRA"]
[SourceTitle "EXT 2008"]
[Source "ChessBase"]
[SourceDate "2007.11.25"]
[SourceVersion "1"]
[SourceVersionDate "2007.11.25"]
[SourceQuality "1"]

1. e4 d5 2. exd5 Qxd5 3. Nc3 Qa5 4. Bc4 c6 5. d3 Nf6 6. Bd2 Bf5 7. Qe2 e6 8. Nd5 Qd8 9. Nxf6+ gxf6 10. 0-0-0 Nd7 11. g4 Bg6 12. f4 Qe7 13. Re1 f5 14. Bc3 Rg8 15. g5 b5 16. Bb3 a5 17. a4 Nc5 18. axb5 Nxb3+ 19. cxb3 cxb5 20. h4 Qb7 21. Rh3 h5 22. Re3 Ra6 23. Nf3 b4 24. Bf6 a4 25. bxa4 b3 26. Bc3 Bb4 27. d4 Bxc3 28. bxc3 Rb6 29. Kb2 Ke7 30. Re5 Ra8 31. a5 Qc6 32. Ra1 Raa6 33. Rc5 Qd6 34. Qe5 Qxe5 35. Nxe5 Kf8 1-0